संस्कृत साहित्य की रुपरेखा (Record no. 101351)
[ view plain ]
| 000 -LEADER | |
|---|---|
| fixed length control field | 01086nam a2200265Ia 4500 |
| 003 - CONTROL NUMBER IDENTIFIER | |
| control field | OSt |
| 005 - DATE AND TIME OF LATEST TRANSACTION | |
| control field | 20220919111456.0 |
| 008 - FIXED-LENGTH DATA ELEMENTS--GENERAL INFORMATION | |
| fixed length control field | 220915b |||||||| |||| 00| 0 hin d |
| 037 ## - SOURCE OF ACQUISITION | |
| Terms of availability | Textbook |
| 040 ## - CATALOGING SOURCE | |
| Language of cataloging | hin |
| Original cataloging agency | ARTS |
| Transcribing agency | ARTS |
| 041 ## - LANGUAGE CODE | |
| Language code of text/sound track or separate title | hin |
| 100 ## - MAIN ENTRY--PERSONAL NAME | |
| Personal name | पाण्डेय, चन्द्रशेखर; |
| 9 (RLIN) | 156285 |
| 245 #0 - TITLE STATEMENT | |
| Title | संस्कृत साहित्य की रुपरेखा |
| 246 ## - VARYING FORM OF TITLE | |
| Title proper/short title | Sanskṛut sāhitya kī ruparekhā |
| 260 ## - PUBLICATION, DISTRIBUTION, ETC. | |
| Place of publication, distribution, etc. | कानपुर |
| Name of publisher, distributor, etc. | साहित्य निकेतन भारत |
| Date of publication, distribution, etc. | 1970 |
| 300 ## - PHYSICAL DESCRIPTION | |
| Extent | 404पण् |
| Dimensions | cm. |
| 650 ## - SUBJECT ADDED ENTRY--TOPICAL TERM | |
| Topical term or geographic name entry element | हिन्दी साहित्य |
| 9 (RLIN) | 156264 |
| 700 ## - ADDED ENTRY--PERSONAL NAME | |
| Personal name | व्यास, शान्तिकुमार नानूराम |
| 9 (RLIN) | 156286 |
| 942 ## - ADDED ENTRY ELEMENTS (KOHA) | |
| Classification part | O15vJ5, 152L0;2(EPS) |
| Koha item type | Textbook |
| Source of classification or shelving scheme | Colon Classification (CC) |
| Withdrawn status | Lost status | Damaged status | Not for loan | Home library | Current library | Date acquired | Total Checkouts | Full call number | Barcode | Date last seen | Price effective from | Koha item type |
|---|---|---|---|---|---|---|---|---|---|---|---|---|
| Arts Library | Arts Library | 2022-09-16 | O15vJ5 152L0;2(EPS) | ALA007351 | 2022-09-16 | 2022-09-16 | Textbook | |||||
| Arts Library | Arts Library | 2022-09-16 | O15vJ5 152L0;2(EPS) | ALA007350 | 2022-09-16 | 2022-09-16 | Textbook | |||||
| Arts Library | Arts Library | 2022-09-16 | O15vJ5 152L0;2(EPS) | ALA007353 | 2022-09-16 | 2022-09-16 | Textbook | |||||
| Arts Library | Arts Library | 2022-09-16 | O15vJ5 152L0;2(EPS) | ALA007349 | 2022-09-16 | 2022-09-16 | Textbook |
